Surveillance of Antibiotic Resistance in Clinical and Hospital Water Isolates of K. pneumoniae/ (Record no. 611246)

000 -LEADER
fixed length control field 00583nam a22001697a 4500
003 - CONTROL NUMBER IDENTIFIER
control field NUST
038 ## - RECORD CONTENT LICENSOR
Staff Name Nusrat Nadeem
082 ## - DEWEY DECIMAL CLASSIFICATION NUMBER
Classification number 200
100 ## - MAIN ENTRY--PERSONAL NAME
Personal name Ullah, Sidra Rahmat
245 ## - TITLE STATEMENT
Title Surveillance of Antibiotic Resistance in Clinical and Hospital Water Isolates of K. pneumoniae/
Statement of responsibility, etc. Sidra Rahmat Ullah,
264 ## - PRODUCTION, PUBLICATION, DISTRIBUTION, MANUFACTURE, AND COPYRIGHT NOTICE
Place of production, publication, distribution, manufacture Islamabad;
Name of producer, publisher, distributor, manufacturer ASAB NUST;
Date of production, publication, distribution, manufacture, or copyright notice 2024.
300 ## - PHYSICAL DESCRIPTION
Extent 167,p;
Other physical details ill;
Dimensions 30,cm.
650 ## - SUBJECT ADDED ENTRY--TOPICAL TERM
Topical term or geographic name entry element PhD- Applied Biosciences
700 ## - ADDED ENTRY--PERSONAL NAME
Personal name Supervisor : Dr. Saadia Andleeb
856 ## - ELECTRONIC LOCATION AND ACCESS
Uniform Resource Identifier <a href=" http://10.250.8.41:8080/xmlui/handle/123456789/44897"> http://10.250.8.41:8080/xmlui/handle/123456789/44897</a>
942 ## - ADDED ENTRY ELEMENTS (KOHA)
Source of classification or shelving scheme
Koha item type Soft Copy
Holdings
Withdrawn status Permanent Location Current Location Shelving location Date acquired Full call number Barcode Koha item type
  Central Library (CL) Central Library (CL) Thesis 08/29/2024 200 CLPT-645 Soft Copy
© 2023 Central Library, National University of Sciences and Technology. All Rights Reserved.